书目信息 |
| 题名: |
审计风险研究
|
|
| 作者: | 胡春元 著 | |
| 分册: | ||
| 出版信息: | 大连 东北财经大学出版社 1997.12 |
|
| 页数: | 235页 | |
| 开本: | 32开 | |
| 丛书名: | ||
| 单 册: | ||
| 中图分类: | F239.0 | |
| 科图分类: | ||
| 主题词: | 审计 | |
| 电子资源: | ||
| ISBN: | 7-81044-300-3 | |
| 000 | 00538nam0 2200193 45 | |
| 001 | 0012061150 | |
| 005 | 20001206110749.9 | |
| 010 | @a7-81044-300-3@d12.00元 | |
| 100 | @a20001206d1997 km y0chiy0120 ea | |
| 101 | 0 | @achi |
| 105 | @a z 000yy | |
| 200 | 1 | @a审计风险研究@AShen Ji Feng Xian Yan Jiu@f胡春元著@FHu Chun Yuan Zhu |
| 210 | @a大连@c东北财经大学出版社@d1997.12 | |
| 215 | @a235页@d32开 | |
| 606 | 0 | @a审计 |
| 690 | @aF239.0@v3 | |
| 701 | 0 | @a胡春元@4著 |
| 801 | @aCN@bPftUser@c20001206 | |
| 905 | @b514732-733@dF239.0@eH909@f2 | |
| 审计风险研究/胡春元著.-大连:东北财经大学出版社,1997.12 |
| 235页;32开 |
| ISBN 7-81044-300-3:12.00元 |
| ● |
| 相关链接 |
|
|
|
正题名:审计风险研究
索取号:F239.0/H909
 
预约/预借
| 序号 | 登录号 | 条形码 | 馆藏地/架位号 | 状态 | 备注 |
| 1 | 514732 | 205147321 | 社科库409/409社科库 78排3列2层/ [索取号:F239.0/H909] | 在馆 | |
| 2 | 514733 | 205147330 | 社科库409/409社科库 78排3列1层/ [索取号:F239.0/H909] | 在馆 |